000 00643cam a22002052 4500
001 0000023725
005 20151217145943.0
008 130320s xx 000 0 eng d
020 _a0801035937
040 _aKABU
_cKABU
100 1 _aPazmino, Robert W.
_@0000183425
245 1 0 _aFoundational issues in christian education :
_ban introduction in evangelical perspective /
_cRobert W. Pazmino.
250 _a3rd ed.
260 _aMichigan :
_bBaker academic,
_c2008.
300 _a296 p.
650 0 _aChristian education.
_@0000149610
852 1 _9p2000 KES
908 _a130320
950 _@1
999 _c4421
_d4421